| 000 | 01771cam a2200241 i 4500 | ||
|---|---|---|---|
| 001 | 17390045 | ||
| 005 | 20251020115026.0 | ||
| 008 | 240622t20242024fr 000 1 fre d | ||
| 020 | _a9782823621020 | ||
| 035 | _a(Fr-PaAMA)AAL08385959-0001 | ||
| 035 | _a17390045 | ||
| 040 | _ctbs | ||
| 041 | _afre | ||
| 050 | 4 |
_aPQ2722.I5674 _bA81 2024 |
|
| 100 |
_aVingtras, Marie _d1972- _eauthor _926190 |
||
| 245 | 1 | 4 |
_aLes âmes féroces _c/ Marie Vingtras. |
| 260 |
_a[Paris] : _bÉditions de l'Olivier, _c2024. |
||
| 300 |
_a266 pages ; _c21 cm. |
||
| 520 | _aLeo n’est pas rentrée et le printemps s’entête dans sa douceur. Leo ne reviendra pas. La shérif Lauren Hobler découvre son corps au milieu des iris sauvages. Autour de la mort soudaine d’une jeune fille, Les Âmes féroces tisse plusieurs destinées. Pour élucider un mystère, mais lequel?? Celui de Leo, peut-être, et de ses silences. Celui de Lauren, coincée dans une petite ville qui ne la prend pas au sérieux. Il y a aussi Benjamin, Seth et les autres… Les gens de Mercy, qui pensent tous se connaître et en savent si peu sur eux-mêmes. | ||
| 520 | _aLeo hasn’t come home, and spring stubbornly clings to its gentleness. Leo will not return. Sheriff Lauren Hobler finds her body among the wild irises. Around the sudden death of a young girl, The Fierce Souls weaves together several intertwined fates. To unravel a mystery—but which one? Perhaps Leo’s, and the secrets she kept. Perhaps Lauren’s, trapped in a small town that refuses to take her seriously. There’s also Benjamin, Seth, and the others… the people of Mercy, who all think they know each other, yet understand so little about themselves. | ||
| 650 | 0 |
_aFrench literature _y21st century _926191 |
|
| 942 | _2lcc | ||
| 999 |
_c5059 _d5059 |
||